Normal view
MARC view
Entry Uniform Title
001 - CONTROL NUMBER
- control field: 53559
003 - CONTROL NUMBER IDENTIFIER
- control field: dpl
005 - DATE AND TIME OF LATEST TRANSACTION
- control field: 20121107143106.0
008 - FIXED-LENGTH DATA ELEMENTS
- fixed length control field: 121107|||a|||||| | ||| d
040 ## - CATALOGING SOURCE
- Original cataloging agency: dpl
- Transcribing agency: dpl
130 ## - HEADING--UNIFORM TITLE
- Uniform title: मण्टो अब तक-20
670 ## - SOURCE DATA FOUND
- Source citation: Work cat.: (dpl): 27482 मण्टो, सआदत हसन, मैडम डिकॉस्टा /, 2012
670 ## - SOURCE DATA FOUND
- Source citation: Work cat.: (dpl): 27482 मण्टो, सआदत हसन, मैडम डिकॉस्टा /, 2012
